Man-made global warming: unravelling a dogma (Record no. 61953)

MARC details
000 -LEADER
fixed length control field 00932nam a2200313Ia 4500
003 - CONTROL NUMBER IDENTIFIER
control field OSt
005 - DATE AND TIME OF LATEST TRANSACTION
control field 20220912151128.0
008 - FIXED-LENGTH DATA ELEMENTS--GENERAL INFORMATION
fixed length control field 220909b |||||||| |||| 00| 0 eng d
020 ## - INTERNATIONAL STANDARD BOOK NUMBER
International Standard Book Number 0906522250 (pbk)
037 ## - SOURCE OF ACQUISITION
Terms of availability Textbook
040 ## - CATALOGING SOURCE
Original cataloging agency CSL
Language of cataloging eng
Transcribing agency CSL
041 ## - LANGUAGE CODE
Language code of text/sound track or separate title eng
100 ## - MAIN ENTRY--PERSONAL NAME
Personal name Labohm Hans
245 #0 - TITLE STATEMENT
Title Man-made global warming: unravelling a dogma
260 ## - PUBLICATION, DISTRIBUTION, ETC.
Place of publication, distribution, etc. UK
Name of publisher, distributor, etc. Multi-Science Publishing Co. Ltd.
Date of publication, distribution, etc. 2004
300 ## - PHYSICAL DESCRIPTION
Extent viii,192p.
Dimensions cm.
500 ## - GENERAL NOTE
General note Includes bibliography
650 ## - SUBJECT ADDED ENTRY--TOPICAL TERM
Topical term or geographic name entry element Global warming
650 ## - SUBJECT ADDED ENTRY--TOPICAL TERM
Topical term or geographic name entry element Geology
700 ## - ADDED ENTRY--PERSONAL NAME
Personal name Rozendaal Simon
700 ## - ADDED ENTRY--PERSONAL NAME
Personal name Thoenes Dick
942 ## - ADDED ENTRY ELEMENTS (KOHA)
Classification part U284, P4 TU
Koha item type Textbook
Source of classification or shelving scheme Colon Classification (CC)
Holdings
Withdrawn status Lost status Damaged status Not for loan Home library Current library Date acquired Source of acquisition Total Checkouts Full call number Barcode Date last seen Price effective from Koha item type
        Central Science Library Central Science Library 2022-09-12 1442, 11/10/2004, Pt. Book International   U284 P4 TU SL1290796 2022-09-12 2022-09-12 Textbook
Copyright @ Delhi University Library System